000 00698nam a22002537a 4500
001 44626
003 UA-OsUOA
005 20191223144430.0
007 ta
008 20070303b un ||||| |||| 00| 0 ukr d
020 _a966-96120-4-7
040 _aUA-OsUOA
_bukr
_cUA-OsUOA
_dUA-OsUOA
041 _aukr
080 _a821.161.2
090 _a821.161.2
_bЗ-16
100 _aЗаєць В.
245 _aГромова криниця
_bпоезії
260 _aК.
_bКурчъ
_c2004
300 _a304 с.
650 7 _a82 Література. Літературознавство
_2UDC
942 _cBK
_2udc
955 _a3
999 _c330745
_d330745